La prueba electrónica (Registro nro. 3648)

Detalles MARC
000 -Cabecera
Campo de control de longitud fija 00836aam a2200313 4500
005 - Fecha y hora de la última transacción
Campo de control 20251126180044.0
008 - Elementos de longitud fija--Información general
Campo de control de longitud fija 150304b2004 xxu||||| |||| 00| 0 spa d
020 ## - International Standard Book Number
Número Internacional Estándar del Libro (ISBN) 958350484X
041 ## - Idioma
Código de idioma Español
082 ## - Clasificación Decimal Dewey
Número de clasificación 363.256.5 R585p
100 ## - Entrada principal--Autor personal
Nombre personal Riofrío Martínez-Villalta, Juan Carlos
9 (RLIN) 14263
245 ## - Título propiamente dicho
Título La prueba electrónica
260 ## - Pie de imprenta
Lugar de publicación, distribución, etc. Colombia
260 ## - Pie de imprenta
Fecha de publicación, distribución, etc. 2004
300 ## - Descripción física
Extensión 207 páginas
490 ## - Serie
Título de la Serie Investigación Criminal
650 ## - Materia general
Temática (materia general) DOCUMENTOSCOPIA
650 ## - Materia general
Temática (materia general) PRUEBA ELECTRÓNICA
650 ## - Materia general
Temática (materia general) PRUEBA PERICIAL
650 ## - Materia general
Temática (materia general) FIRMA DIGITAL
650 ## - Materia general
Temática (materia general) DERECHO PROCESAL
650 ## - Materia general
Temática (materia general) DEFINICIÓN DE DOCUMENTO
650 ## - Materia general
Temática (materia general) COMERCIO ELECTRÓNICO
650 ## - Materia general
Temática (materia general) PÁGINA WEB
650 ## - Materia general
Temática (materia general) CONFIDENCIALIDAD
650 ## - Materia general
Temática (materia general) DOCUMENTOS ELECTRÓNICOS
650 ## - Materia general
Temática (materia general) PRUEBA INFORMÁTICA
942 ## - Punto de acceso adicional KOHA
Tipo de ítem KOHA Libro
Fuente del sistema de clasificación o colocación Dewey Decimal Classification
Existencias
Signatura completa Código de barras Programa Académico Tipo de ítem
363.256.5 R585p 18506 Investigación Criminal Libro